000 00942nam a22002177a 4500
005 20170502121431.0
010 _aBAC-EN21
020 _a9788132111016
_c395.00
035 _aB-581268-278
035 _aB-666133
037 _adpl
_bPragati/ven
082 _a332.10954
100 _aKhandelwal, Anil K.
245 _aDare to Lead:
_bthe transformation of Bank of Baroda a ceo's personal account of historic changes in a large corporation/
_cby Anil K.Khandelwal
260 _aNew Delhi
_bSage
_c2013
270 _a. B1/1-1 Mohan Cooperative Industrial Area Mathura Road,
_bNew Delhi
_e110044, India
300 _a409p.:
_bill.
_c23cm(pbk)
942 _2ddc
_cEN
_h332.10954
_mKHA
999 _c89641
_d89641